Tìm hiểu trái đất thời tiền sử

Uloženo v:
Podrobná bibliografie
Hlavní autor: Nguyễn Hữu Danh
Médium: Kniha
Jazyk:Undetermined
Vydáno: Hà Nội Giáo Dục 2002
Témata:
Tagy: Přidat tag
Žádné tagy, Buďte první, kdo otaguje tento záznam!
Thư viện lưu trữ: Trung tâm Học liệu Trường Đại học Cần Thơ
LEADER 00539nam a2200193Ia 4500
001 CTU_47471
008 210402s9999 xx 000 0 und d
082 |a 570.1 
082 |b D107 
100 |a Nguyễn Hữu Danh 
245 0 |a Tìm hiểu trái đất thời tiền sử 
245 0 |c Nguyễn Hữu Danh 
260 |a Hà Nội 
260 |b Giáo Dục 
260 |c 2002 
526 |a Tiến hóa 
526 |b SP528 
650 |a earth - age 
980 |a Trung tâm Học liệu Trường Đại học Cần Thơ